LEADER 01360nam a2200289 4500 001 000000344787 003 CaOOAMICUS 005 20210311135451.0 008 210311s2015 it a 100 u mul r 020 $a978-88-8450-675-7 040 $aSeMil$bita 245 03$aIl Corpus Domini :$bteologia, antropologia e politica /$ca cura di Laura Andreani e Agostino Paravicini Bagliani. 264 1$aFirenze :$bSISMEL Edizioni del Galluzzo,$c2015. 300 $aX, 380 p., [16] carte di tav. :$bill. ;$c24 cm 490 1 $aMediEVI ;$v8 500 $aTesti in italiano o in inglese 500 $aAtti di un convegno tenuto a Orvieto nel 2014 650 4$aCorpus Domini - Origini - Congressi.$0(OLS)http://semarc/subject/50090 700 1 $aParavicini Bagliani, Agostino,$d<1943- >.$0(OLS)http://semarc/name/89582 700 1 $aAndreani, Laura.$0(OLS)http://semarc/name/113239 830 0$aMediEVI ;$v8.$0(OLS)http://semarc/title/433883 850 $aSeMil 852 $aSeMil$W1$xVenegono$y1$m3K V 285$j224877$B235843$CSeMilBibl$Z2$F235843 $81 996 $6020$a978-88-8450-675-7$9(OLS)http://semarc/number/292585 996 $6245$aIl Corpus Domini :$bteologia, antropologia e politica$9(OLS)http://semarc/title/433882 996 $6264$aFirenze :$bSISMEL Edizioni del Galluzzo$9(OLS)http://semarc/publisher/31909 LEADER 01187nam a2200229 4500 001 000000354161 003 CaOOAMICUS 005 20230612101145.0 008 230612s1953 it 000 u ita r 040 $aSeMil$bita 100 1 $aGremigni, Gilla Vincenzo.$0(OLS)http://semarc/name/72007 245 10$aPier Lombardo nell'8. Centenario dei Quattro libri delle sentenze /$c[Gilla Vincenzo vescovo di Novara]. 264 1$a[Novara] :$bEdizione del Comitato per le celebrazioni in onore di Pier Lombardo,$c1953. 300 $a34p., IX c. di tav. ;$c17 cm 500 $aNome dell'A. pag. 34 650 4$aPietro : Lombardo . Libri sententiarum.$0(OLS)http://semarc/subject/9320 850 $aSeMil 852 $aSeMil$W1$xVenegono$y1$m5A IV 6/4$j241323$B245402$CSeMilBibl$Z2$F245402 $81 961 $aCon dedica autografa dell'autore al Card. Arcivescovo di Milano [Alfredo Ildefonso Schuster] 996 $6245$aPier Lombardo nell'8. Centenario dei Quattro libri delle sentenze$9(OLS)http://semarc/title/444297 996 $6264$a[Novara] :$bEdizione del Comitato per le celebrazioni in onore di Pier Lombardo$9(OLS)http://semarc/publisher/61028